000 00907nam a2200241 a 4500
005 20260418064114.0
008 150429s2011 mx r 000 0 spa d
020 _a9789871486410
035 _aUPN01000203159
049 _aCG
050 4 _aLB1028.43
_bC3.47
100 1 _aCastellano, Hugo M.
_937249
245 1 0 _aIntegración de la tecnología educativa en el aula :
_benseñando con las TIC /
_cHugo M. Castellano.
260 _aArgentina :
_bCengage learning,
_c2011.
300 _a326 p. :
_bil., cuadros
500 _aEn la cubierta dice: "Mención de honor Premio al libro de Educación de la Fundación El Libro de edicion 2009/10"
650 4 _aComputadoras en la educación
_94976
650 4 _aTecnología educativa
_94978
650 4 _aEnseñanza asistida por computadora
_94965
650 4 _aTecnologías de la información y comunicación
_921219
905 _aLibro
999 _c175260
_d175260